Safe Cracker III Quiz Stats

 Plays Quiz Updated Dec 3, 2017

Score 0/49 Timer 04:00
1 Play Today
% Correct
???
100%
???
99.7%
???
99.6%
???
99.5%
???
97.2%
???
88.2%
???
87.5%
???
87%
???
86.6%
???
86.4%
???
83.3%
???
80%
???
79.9%
???
79.3%
???
79.2%
???
75.1%
???
73.4%
???
72%
???
70.7%
???
70.6%
???
69.8%
???
68.7%
???
68.5%
???
66.7%
???
66.6%
% Correct
???
65.9%
???
65.8%
???
65.8%
???
65.7%
???
65.6%
???
59.5%
???
58.8%
???
57.6%
???
57.2%
???
57%
???
55.4%
???
54.9%
???
54.5%
???
54.2%
???
53.9%
???
51%
???
41%
???
40.2%
???
39.7%
???
39.3%
???
32.4%
???
30%
???
27.9%
???
27.3%

You're not logged in!

Compare scores with friends on all Sporcle quizzes.
OR
Log In

Show Comments

Extras

Top Quizzes Today


Score Distribution

Your Account Isn't Verified!

In order to create a playlist on Sporcle, you need to verify the email address you used during registration. Go to your Sporcle Settings to finish the process.

Report this User

Report this user for behavior that violates our Community Guidelines.

Details: